000 00275nam a22001097a 4500
008 170112b xxu||||| |||| 00| 0 eng d
020 _a9780721600987
041 _aeng
080 _22ND
_a618.2
245 _aSTUDY GUIDE FOR FUNDAMENTALS OF NURSING
_cHOGAN, M.A
942 _2udc
_cBK
999 _c2759
_d2759